000 00470nam a2200193Ia 4500
008 210210b1979 xxu||||| |||| 00| 0 eng d
082 _a649.65 DSOS
100 _aD'SOUZA (Anthony A).
245 _aSex education and personality development.
260 _aND
_bUsha publication
_c1979
300 _a132
650 _aSex
650 _apersonality
650 _aeducation
650 _adevelopment.
650 _aand
690 _aSex Education
906 _a038121
999 _c88204
_d88204